Statistiques concernant Devine le Compositeur de Musique Classique #2

Cliquez ici pour prendre le quiz!

Statistiques générales

  • Ce quiz a été pris 71 fois
  • Le résultat moyen est 6 sur 15

Statistiques - réponses

IndiceRéponse% Correct
FidelioLudwig van Beethoven
84%
Quintette "La Truite"Franz Schubert
84%
L'enlèvement au SérailWolfgang Amadeus Mozart
80%
LohengrinRichard Wagner
57%
TurandotGiacomo Puccini
46%
L'enfant et les sortilègesMaurice Ravel
41%
Un Requiem AllemandJohannes Brahms
34%
Pompe et circonstanceEdward Elgar
33%
La CréationJoseph Haydn
33%
La Belle HélèneJacques Offenbach
31%
Le Mandarin merveilleuxBela Bartok
28%
Faust-SymphonieFranz Liszt
26%
Quatuor pour la fin du tempsOlivier Messiaen
25%
Pierrot LunaireArnold Schönberg
15%
D'un matin de printempsLili Boulanger
5%

Distribution des résultats

Percentile par nombre de réponses

% des personnes avec chaque résultat

Votre développement - résultats

Vous n’avez pas pris ce quiz